[Event "ACT-ch"]
[Site "Canberra"]
[Date "2004.07.28"]
[Round "2"]
[White "Donkers, Frank"]
[Black "Beltrami, Michael"]
[Result "1-0"]
[WhiteElo "1433"]
[BlackElo "1077"]
[PlyCount "105"]
[EventDate "2004.07.??"]
[EventType "swiss"]
[EventRounds "11"]
[EventCountry "AUS"]
[SourceTitle "EXT 2006"]
[Source "ChessBase"]
[SourceDate "2005.11.24"]
[SourceVersion "1"]
[SourceVersionDate "2005.11.24"]
[SourceQuality "1"]

1. e4 c6 2. d4 d5 3. e5 Bf5 4. Nf3 e6 5. h3 h6 6. Bf4 Qb6 7. b3 Bb4+ 8. Bd2 Be4 9. Bxb4 Qxb4+ 10. c3 Qa5 11. b4 Qc7 12. Nbd2 Bh7 13. Nb3 Nd7 14. Bd3 Bxd3 15. Qxd3 Ne7 16. 0-0 0-0 17. Nh4 Qd8 18. f4 f5 19. Qg3 Qe8 20. Rab1 b5 21. Ra1 Qh5 22. Rf3 g5 23. Rf2 Kh7 24. fxg5 Rg8 25. g6+ Nxg6 26. Nxg6 Rxg6 27. Qf3 Qh4 28. Kh2 Rag8 29. g4 fxg4 30. Qg3 Qxg3+ 31. Kxg3 gxh3+ 32. Kxh3 Rg3+ 33. Kh2 Rxc3 34. Rg1 Rg7 35. Rfg2 Rg5 36. Rxg5 hxg5 37. Rxg5 Rc2+ 38. Rg2 Rxg2+ 39. Kxg2 Kg6 40. Kf3 Kf5 41. Nc5 Nb8 42. Nb3 a6 43. Nc5 Kg6 44. Nxe6 Kf7 45. Nc5 Ke7 46. Kf4 Nd7 47. Nxd7 Kxd7 48. Kf5 Ke7 49. a3 Kf7 50. e6+ Ke7 51. Ke5 c5 52. bxc5 a5 53. c6 1-0